| 000 | 00327cam a22001217a 4500 | ||
|---|---|---|---|
| 008 | 180718b1963 xxu||||| |||| 00| 0 eng d | ||
| 082 | _aA6x54 P193/64 | ||
| 100 | _aPanikkar, K. M. | ||
| 245 |
_aA survey of Indian history _cby K. M. Panikkar |
||
| 260 |
_aBombay _bAsia _c1963 |
||
| 300 | _axii,287p. | ||
| 650 | _aIndia --History. | ||
| 999 |
_c411733 _d411733 |
||